000 00262nam a2200109Ia 4500
008 220204s9999 xx 000 0 und d
082 _a82-3
_bJOH
100 _aJohns, Captain W E
245 0 _aBiggles works it out
260 _aLondon
_bArmada
_c1978
942 _cBK
999 _c32220
_d32220